| 000 | 02428cam a2200469Mi 4500 | ||
|---|---|---|---|
| 003 | PE-LiUPU | ||
| 005 | 20250731183342.0 | ||
| 008 | 140324s2013 sp o 001 0 spa d | ||
| 020 | _a9788415941316 | ||
| 035 | _a(Sirsi) i9788415941316 | ||
| 040 |
_aPE-LiUPU _bspa _cPE-LiUPU _erda |
||
| 049 | _aPRUA | ||
| 082 | 0 | 4 |
_a720.1 _bG95 _220 |
| 100 | 1 |
_aGutiérrez Mozo, María Elia, _eautor. |
|
| 245 | 1 | 0 |
_aArquitectura y composición / _cMaría Elia Gutiérrez Mozo. |
| 264 | 1 |
_aSan Vicente, Alicante : _bECU, _c2013. |
|
| 300 |
_a248 páginas : _bilustraciones ; _c24 centímetros. |
||
| 336 |
_atext _btxt _2rdacontent |
||
| 337 |
_acomputer _bc _2rdamedia |
||
| 338 |
_aonline resource _bcr _2rdacarrier |
||
| 504 | _aBibliografía al final de cada capítulo. | ||
| 505 | _aPreludio a la composición arquitectónica -- Naturaleza y arte -- uso y función -- Materia y técnica -- Forma y percepción -- Luz y color -- La edad de la razón -- La modernidad -- Espacio y lugar -- Tiempo y memoria -- La postmodernidad -- Tipo y tipología -- Arquitectura y ética. | ||
| 526 | _aP158 | ||
| 526 | _aP146 | ||
| 526 | _aP17 | ||
| 526 | _aP12 | ||
| 526 | _aP06 | ||
| 541 | _g0020-0000433; | ||
| 541 | _g0020-0001185; | ||
| 650 | 1 | 4 |
_aArquitectura _xComposición. |
| 856 | 4 | 0 |
_3ebrary _uhttp://site.ebrary.com/id/10845001 |
| 910 |
_ajck _bncf _cncf _d20160926 |
||
| 910 |
_jck _bhop _chop _d20160511 |
||
| 942 |
_2ddc _cBOOK |
||
| 949 |
_a720.1 G95 _wDEWEY _c1 _i72957 _d2016-9-12 _e2016-9-5 _mBUL _n2 _p21.57 _r0 _sY _tBOOK _u2016-5-11 _xINGENIERIA _PP06 _0COMPRA _o.STAFF. Colección General |
||
| 949 |
_a720.1 G95 _wDEWEY _c2 _i74755 _d2016-10-5 _e2016-9-29 _lCCODEBUL1 _mBUL _n1 _p21.46 _r0 _sY _tBOOK _u2016-9-26 _xINGENIERIA _PP06 _0COMPRA _o.STAFF. Colección Ingenieria y Arquitectura |
||
| 994 |
_aC0 _bPEPRU |
||
| 856 | 4 | 0 |
_3ebrary _uhttp://site.ebrary.com/id/10845001 |
| 596 | _a1 | ||
| 999 |
_a720.1 G95 _wDEWEY _c9324 _i72957 _d9324 _e2018-8-24 _f2021-11-9 _g7 _lCCODEBUL1 _mBUL _n10 _p21.57 _q1 _r0 _sY _tBOOK _u2016-5-11 _xINGENIERIA _PP06 _0COMPRA _o.STAFF. Colección General |
||
| 999 |
_a720.1 G95 _wDEWEY _c2 _i74755 _d2017-12-11 _e2017-9-18 _f2021-11-9 _g8 _lCCODEBUL1 _mBUL _n4 _p21.46 _r0 _sY _tBOOK _u2016-9-26 _xINGENIERIA _PP06 _0COMPRA _o.STAFF. Colección Ingenieria y Arquitectura |
||
| 980 |
_81 _gALBERTO SANCHEZ Responsable de Automatización |
||